| 000 | 00454nam a22001817a 4500 | ||
|---|---|---|---|
| 003 | NUST - PNEC | ||
| 005 | 20170116180922.0 | ||
| 008 | 150905b xxu||||| |||| 00| 0 eng d | ||
| 020 | _a007071732X | ||
| 040 | _cLIBRARY | ||
| 082 | _a621.1 WOO | ||
| 100 |
_97842 _aWoodruff, Everett B. |
||
| 245 |
_aSteam-plant operation _cEverett B. Woodruff |
||
| 250 | _a5th ed. | ||
| 260 | _cc.1984 | ||
| 650 |
_97843 _aSteam power plants _xEL |
||
| 942 |
_2ddc _cBK |
||
| 999 |
_c65655 _d65655 |
||